00516nam a2200193 a 4500001001300000003000900013005001700022008004100039020002300080082001300103100002100116245004000137260004200177300000900219500003500228505002600263650001200289700002100301nice12345678IN_TiNIC20260116014944.0050524s1983 loua grp 000 0 eng  a0664726 c10000a264bTHE aHessel, Dieter T aSocial Themes of the Christian Year aLouisvillebWestminister Press c1983 a283p aincludes index and biblioraphy2 aComplementary Reading aLiturgy1 aHessel, Dieter T